Liste des 23 - Equipe d'Espagne - EURO 2012 - Statistiques

Statistiques générales
  • Ce quiz a été pris 317 fois
  • Le résultat moyen est 17 sur 24
Statistiques - réponses
Poste Numéro Joueurs Club % Correct
G 1 Iker Casillas Real Madrid CF
100%
MC 8 Xavi Hernandez FC Barcelone
99%
MC 6 Andrés Iniesta FC Barcelone
98%
DC 15 Sergio Ramos Real Madrid CF
98%
BU 9 Fernando Torres Chelsea
96%
DC 3 Gerard Piqué FC Barcelone
96%
MDC 16 Sergio Busquets FC Barcelone
92%
G 12 Víctor Valdés FC Barcelone
92%
MOC 21 David Silva Manchester City
91%
AD 7 Pedro Rodríguez FC Barcelone
88%
MDC 14 Xabi Alonso Real Madrid CF
85%
DG 18 Jordi Alba FC Valence
79%
G 23 Pepe Reina Liverpool FC
75%
MOC 10 Francesc Fàbregas FC Barcelone
73%
DD 17 Álvaro Arbeloa Real Madrid CF
66%
MD 22 Jesús Navas FC Séville
66%
AT / MOC 13 Juan Mata Chelsea
65%
DD 5 Juanfran Atletico Madrid
59%
SEL / Vicente del Bosque /
59%
DC 2 Raúl Albiol Real Madrid CF
50%
MDC 4 Javi Martínez Athletic Bilbao
36%
BU 19 Fernando Llorente Athletic Bilbao
31%
BU 11 Álvaro Negredo FC Séville
24%
MOC 20 Santi Cazorla Málaga CF
24%
Aucun quiz correspondant
Distribution des résultats
% des personnes avec chaque résultat
Percentile par nombre de réponses
Votre historique - résultats
Vous n’avez pas pris ce quiz